| 000 | 00893nam a2200229Ia 4500 | ||
|---|---|---|---|
| 005 | 20250108125156.0 | ||
| 008 | 008 250107s9999 xx 000 0 hin d | ||
| 020 | _a978-0-19-479910-2 | ||
| 037 | _aREF | ||
| 040 |
_aCRL _bhin _cCRL |
||
| 041 |
_ahin _2hin |
||
| 084 | _aa14,12N67 Q2.1-.2,1,2,3(RR) | ||
| 084 | _qCRL | ||
| 100 | _aआचार्य, नन्दकिशोर, ले. | ||
| 245 | 0 |
_aवक़्त ख़ुद मर्ज़ है जो _cआचार्य, नन्दकिशोर, ले. |
|
| 260 |
_aबीकानेर, भारत _bसूर्य प्रकाशन मन्दिर _c3545 |
||
| 300 | _a96पृ0 | ||
| 365 |
_aINR _b25000 |
||
| 650 |
_aहिन्दी कविताहिन्दी साहित्य _9729733 |
||
| 942 |
_cREF _ha14,12N67 Q2.1-.2,1,2,3(RR) |
||
| 999 |
_c1235933 _d1235933 |
||